| 000 | 00580nam a22001697a 4500 | ||
|---|---|---|---|
| 999 |
_c14972 _d14972 |
||
| 003 | AR-CdUCM | ||
| 008 | 190425b ||||| |||| 00| 0 spa d | ||
| 040 |
_aMUNICIPALIDAD PROVINCIAL DEL CUSCO _cBIBLIOTECA MUNICIPAL DEL CUSCO |
||
| 082 |
_aC / 051.320 / _bP252 |
||
| 245 | _aParlante barrial / | ||
| 260 |
_aCusco : _bCentro Guaman Poma de Ayala, _c1985. |
||
| 300 |
_a8 pƔginas ; _c21 cm. |
||
| 440 |
_aParlante _n01 _933958 |
||
| 505 | _aAsamblea popular en la margen derecha -- Inauguración de distintas obras -- Alza de tarifas de luz... | ||
| 942 |
_2ddc _cPP |
||
| 945 | _awfj | ||